<?xml version="1.0" encoding="UTF-8"?>
<record
    xmlns:xsi="http://www.w3.org/2001/XMLSchema-instance"
    xsi:schemaLocation="http://www.loc.gov/MARC21/slim http://www.loc.gov/standards/marcxml/schema/MARC21slim.xsd"
    xmlns="http://www.loc.gov/MARC21/slim">

  <leader>01258nam2a2200289   4500</leader>
  <controlfield tag="001">RU\NLR\bibl\1456450</controlfield>
  <controlfield tag="005">20250615233451.0</controlfield>
  <datafield tag="010" ind1=" " ind2=" ">
    <subfield code="a">978-5-9704-1444-6</subfield>
    <subfield code="9">2000</subfield>
  </datafield>
  <datafield tag="021" ind1=" " ind2=" ">
    <subfield code="a">RU</subfield>
    <subfield code="b">2009-90308</subfield>
    <subfield code="9">5694</subfield>
  </datafield>
  <datafield tag="035" ind1=" " ind2=" ">
    <subfield code="a">(NLR Aleph) 001448249</subfield>
  </datafield>
  <datafield tag="090" ind1=" " ind2=" ">
    <subfield code="a">1506490</subfield>
    <subfield code="c">1506490</subfield>
  </datafield>
  <datafield tag="100" ind1=" " ind2=" ">
    <subfield code="a">20091223d2010    |||y0rusy50      ca</subfield>
  </datafield>
  <datafield tag="101" ind1="0" ind2=" ">
    <subfield code="a">rus</subfield>
  </datafield>
  <datafield tag="102" ind1=" " ind2=" ">
    <subfield code="a">RU</subfield>
  </datafield>
  <datafield tag="105" ind1=" " ind2=" ">
    <subfield code="a">a   |||||||||</subfield>
  </datafield>
  <datafield tag="200" ind1="0" ind2=" ">
    <subfield code="a">&#x422;. 2</subfield>
    <subfield code="f">[&#x422;.&#x41F;. &#x41D;&#x435;&#x43A;&#x440;&#x430;&#x441;&#x43E;&#x432;&#x430;, &#x411;.&#x411;. &#x421;&#x430;&#x43B;&#x442;&#x44B;&#x43A;&#x43E;&#x432;, &#x410;.&#x411;. &#x421;&#x430;&#x43B;&#x442;&#x44B;&#x43A;&#x43E;&#x432; &#x438; &#x434;&#x440;.]</subfield>
  </datafield>
  <datafield tag="210" ind1=" " ind2=" ">
    <subfield code="d">2010</subfield>
    <subfield code="a">&#x411;. &#x43C;.</subfield>
  </datafield>
  <datafield tag="215" ind1=" " ind2=" ">
    <subfield code="a">485 &#x441;.</subfield>
    <subfield code="c">&#x446;&#x432;. &#x438;&#x43B;.</subfield>
    <subfield code="e">1 &#x44D;&#x43B;&#x435;&#x43A;&#x442;&#x440;&#x43E;&#x43D;. &#x43E;&#x43F;&#x442;. &#x434;&#x438;&#x441;&#x43A; (CD-ROM)</subfield>
  </datafield>
  <datafield tag="320" ind1=" " ind2=" ">
    <subfield code="a">&#x411;&#x438;&#x431;&#x43B;&#x438;&#x43E;&#x433;&#x440;.: &#x441;. 484-485</subfield>
  </datafield>
  <datafield tag="461" ind1=" " ind2="0">
    <subfield code="1">001RU\NLR\bibl\1466391</subfield>
    <subfield code="1">2001#$a&#x41F;&#x430;&#x442;&#x43E;&#x43B;&#x43E;&#x433;&#x438;&#x44F;$v&#x422;. 2</subfield>
    <subfield code="9">1565854</subfield>
    <subfield code="c">&#x41C;&#x43E;&#x441;&#x43A;&#x432;&#x430;</subfield>
    <subfield code="d">2010</subfield>
    <subfield code="f">&#x43F;&#x43E;&#x434; &#x440;&#x435;&#x434;. &#x430;&#x43A;&#x430;&#x434;. &#x420;&#x410;&#x41D; &#x438; &#x420;&#x410;&#x41C;&#x41D; &#x41C;.&#x410;. &#x41F;&#x430;&#x43B;&#x44C;&#x446;&#x435;&#x432;&#x430;, &#x430;&#x43A;&#x430;&#x434;. &#x420;&#x410;&#x415;&#x41D; &#x412;.&#x421;. &#x41F;&#x430;&#x443;&#x43A;&#x43E;&#x432;&#x430;</subfield>
    <subfield code="n">&#x413;&#x42D;&#x41E;&#x422;&#x410;&#x420;-&#x41C;&#x435;&#x434;&#x438;&#x430;</subfield>
    <subfield code="o">&#x443;&#x447;&#x435;&#x431;&#x43D;&#x438;&#x43A; &#x434;&#x43B;&#x44F; &#x441;&#x442;&#x443;&#x434;&#x435;&#x43D;&#x442;&#x43E;&#x432; &#x43C;&#x435;&#x434;&#x438;&#x446;&#x438;&#x43D;&#x441;&#x43A;&#x438;&#x445; &#x432;&#x443;&#x437;&#x43E;&#x432; : &#x432; 2 &#x442;.</subfield>
    <subfield code="t">&#x41F;&#x430;&#x442;&#x43E;&#x43B;&#x43E;&#x433;&#x438;&#x44F;</subfield>
    <subfield code="y">978-5-9704-1280-0</subfield>
    <subfield code="v">&#x422;. 2</subfield>
  </datafield>
  <datafield tag="701" ind1=" " ind2="1">
    <subfield code="a">&#x41D;&#x435;&#x43A;&#x440;&#x430;&#x441;&#x43E;&#x432;&#x430;</subfield>
    <subfield code="b">&#x422;. &#x41F;.</subfield>
    <subfield code="4">070</subfield>
  </datafield>
  <datafield tag="701" ind1=" " ind2="1">
    <subfield code="a">&#x421;&#x430;&#x43B;&#x442;&#x44B;&#x43A;&#x43E;&#x432;</subfield>
    <subfield code="b">&#x411;. &#x411;.</subfield>
    <subfield code="4">070</subfield>
  </datafield>
  <datafield tag="701" ind1=" " ind2="1">
    <subfield code="a">&#x421;&#x430;&#x43B;&#x442;&#x44B;&#x43A;&#x43E;&#x432;</subfield>
    <subfield code="b">&#x410;. &#x411;.</subfield>
    <subfield code="4">070</subfield>
  </datafield>
  <datafield tag="801" ind1=" " ind2="0">
    <subfield code="a">RU</subfield>
    <subfield code="b">NLR</subfield>
    <subfield code="c">20091223</subfield>
    <subfield code="g">RCR</subfield>
  </datafield>
  <datafield tag="801" ind1=" " ind2="1">
    <subfield code="a">RU</subfield>
    <subfield code="b">NLR</subfield>
    <subfield code="c">20091223</subfield>
  </datafield>
  <datafield tag="942" ind1=" " ind2=" ">
    <subfield code="c">BOOK</subfield>
  </datafield>
  <datafield tag="980" ind1=" " ind2=" ">
    <subfield code="a">NB</subfield>
  </datafield>
  <datafield tag="995" ind1=" " ind2=" ">
    <subfield code="5">2009-12-23</subfield>
    <subfield code="a">ad</subfield>
    <subfield code="b">NLR01</subfield>
    <subfield code="c">NLR01</subfield>
    <subfield code="e">RF9</subfield>
    <subfield code="f">3072558</subfield>
    <subfield code="k">2009-5/11459</subfield>
    <subfield code="o">0</subfield>
    <subfield code="r">BOOK</subfield>
    <subfield code="s">2009511459_</subfield>
  </datafield>
  <datafield tag="995" ind1=" " ind2=" ">
    <subfield code="5">2009-12-23</subfield>
    <subfield code="a">ad</subfield>
    <subfield code="b">NLR01</subfield>
    <subfield code="c">NLR01</subfield>
    <subfield code="e">OZ3</subfield>
    <subfield code="f">1-248685</subfield>
    <subfield code="k">&#x41C;1 &#x420;25/&#x41F;-206&#x442;.2</subfield>
    <subfield code="o">0</subfield>
    <subfield code="r">BOOK</subfield>
    <subfield code="s">1_252062</subfield>
  </datafield>
</record>
